Bioavailability, bioaccessibility and mobility of environmental contaminants / (Record no. 13704)
[ view plain ]
| 000 -LEADER | |
|---|---|
| fixed length control field | 00530cam a22001817a 4500 |
| 020 ## - INTERNATIONAL STANDARD BOOK NUMBER | |
| ISBN | 9780470025772 (hard) |
| 020 ## - INTERNATIONAL STANDARD BOOK NUMBER | |
| ISBN | 0470025778 (hard) |
| 020 ## - INTERNATIONAL STANDARD BOOK NUMBER | |
| ISBN | 0470025786 (pbk.) |
| 020 ## - INTERNATIONAL STANDARD BOOK NUMBER | |
| ISBN | 9780470025789 (pbk.) |
| 082 04 - DEWEY DECIMAL CLASSIFICATION NUMBER | |
| Classification number | 628.5 |
| Item number | DEA/BI |
| 100 1# - MAIN ENTRY--AUTHOR NAME | |
| Personal name | Dean, John R. |
| 245 10 - TITLE STATEMENT | |
| Title | Bioavailability, bioaccessibility and mobility of environmental contaminants / |
| 260 ## - PUBLICATION, DISTRIBUTION, ETC. (IMPRINT) | |
| Place of publication | West Sussex, England : |
| Name of publisher | John Wiley, |
| Year of publication | c2007. |
| 300 ## - PHYSICAL DESCRIPTION | |
| Number of Pages | xxi, 292 p. : |
| Other physical details | ill. ; |
| 650 #0 - SUBJECT ADDED ENTRY--TOPICAL TERM | |
| Topical Term | Pollutants. |
| 650 #0 - SUBJECT ADDED ENTRY--TOPICAL TERM | |
| Topical Term | Bioavailability. |
| 942 ## - ADDED ENTRY ELEMENTS (KOHA) | |
| Koha item type | Books |
| Withdrawn status | Lost status | Damaged status | Collection code | Home library | Current library | Shelving location | Date acquired | Source of acquisition | Cost, normal purchase price | Full call number | Accession Number | Koha item type |
|---|---|---|---|---|---|---|---|---|---|---|---|---|
| Non-fiction | KAUAET | KAUAET | General Stacks | 31/03/2012 | Universal Research Books, Thrissur | 4411.50 | 628.5 DEA/BI | 23341 | Books |
